000 00272nam a2200109Ia 4500
008 200302s9999 xx 000 0 und d
100 _aMc Ginn and Davis
245 _aBuild a Mill, Build a City, Build a School
260 _bThe Mit Press
260 _c1969
300 _a334 P.,
999 _c417
_d417